000 01200nac a22003617a 4500
001 BR8206263
003 BR-BrBNA
005 20240105115531.0
008 230509b bl.|||m| |||| 00| 0 por d
040 _aBR-BrBNA
_bpor
_cBiblioteca Nacional de Agricultura
072 _aE70; E30; S00
090 _aE70 BR8206263
100 1 _aTrindade, C.M. de A.
100 1 _aPoggi, M.T.
100 1 _aFreire, R.B. de S.
110 1 _aInstituto de Desenvolvimento de Pernambuco, Recife (Brasil)
_96009
245 1 _aAbastecimento alimentar para a zona canavieira de Pernambuco [comercializacao, deficiencia nutricional, nutricao humana, Brasil]
260 3 _aRecife, PE (Brasil):
_c1982.
300 _a33 p.
490 _aProjetos Socio-Economicos - Instituto de Desenvolvimento de Pernambuco (Brazil)
_vn. 3
_x
650 _aPROJETO DE DESENVOLVIMENTO
650 _aDIRETRIZ
650 _aABASTECIMENTO
650 _aDEFICIENCIA NUTRICIONAL
650 _aNUTRICAO HUMANA
650 _aALIMENTO
650 _aPOPULACAO RURAL
650 _aBAIXA RENDA
650 _aZONA CANAVIEIRA
650 _aPERNAMBUCO
909 _a202312
_bLúcia Elande
_c55
_dLúcia Elande
942 _2AGRIS
_n0
_cMS
999 _c275204
_d275204